Kamu oyu ve dış politika (Record no. 1719)

MARC details
000 -BAŞLIK
Sabit Uzunlukta Kontrol Alanı 00665na a2200229 4500
001 - KONTROL NUMARASI
Denetim Alanı 17587
003 - KONTROL NUMARASI IDENTIFIER
Denetim Alanı MIRAKIL
005 - SON İŞLEM TARİHİ VE ZAMANI
Denetim Alanı 20181213154832.0
008 - SABİT-BOY VERİ ELEMANLARI - GENEL BİLGİLER
Sabit Uzunlukta Kontrol Alanı 161030b tu 000 0
040 ## - KATALOGLAMA KAYNAK
Orijinal Kataloglama Ajansı Milas
Kataloglama Dili tur
Metne Dönüştürmek Ajansı TR-AnCHP
041 ## - DİL KODU
Metin / Ses Parça Veya Ayrı Başlığın Dil Kodu tur
082 ## - DEWEY ONLU SINIFLANDIRMA NUMARASI
Sınıflandırma Numarası 327.561
Ürün Numarası S39k 1972
090 ## - SINIFLAMA NUMARASI
Sınıflama Numarası 327.561 S39k 1972
100 ## - ANA GİRİŞ - KİŞİSEL İSİM
Kişisel Ad Sezer, Duygu
245 ## - BAŞLIK TABLOSU
Başlık Kamu oyu ve dış politika
Sorumluluk Tablosu, Vb Duygu Sezer
260 ## - YAYIN, DAĞITIM, VB
Yayın, Dağıtım, Vb Yeri Ankara
Yayıncı, Dağıtıcı, Vs Adı A.Ü. Siyasal Bilgiler Fakültesi
Yayın, Dağıtım, Vb Tarihi 1972
300 ## - FİZİKSEL TANIM
Kapsam xxxiv, 584 s.
Boyutlar 24 sm.
490 ## - SERİSİ TABLOSU
Seri Beyanı Ankara Üniversitesi Siyasal Bilgiler Fakültesi yayınları
Hacim / Ardışık Tanımı 339
504 ## - KAYNAKÇA VB NOT
Kaynakça Vb Notu Kaynakça var.
651 ## - KONU KATMA GİRİŞ - COĞRAFİ ADI
Coğrafi İsim Türkiye
Genel Alt Bölümü Dış politika
942 ## - EKLENDİ GİRİŞ ELEMANLARI (KOHA)
Sınıflandırma Veya Raf Düzeni Kaynak Dewey Decimal Classification
Koha Öğesi Türü Books
999 ## - SİSTEM KONTROL NUMARALARI (KOHA)
Koha Biblionumber 1719
Koha Biblioitemnumber 1719
Holdings
Kalıcı Konum Mevcut Konum Edinme Tarihi Edinim Kaynak Toplam Check-Out'Lar Tam Çağrı Numarası Barkod Tarih Son Görülme İtibaren Geçerli Fiyatlar Koha Öğesi Türü
CHP Kütüphanesi CHP Kütüphanesi 10/30/2016 Bağış   327.561 S39k 1972 008226 10/30/2016 10/30/2016 Books